Pays du monde - Tapez la première lettre - Statistiques

Statistiques générales
  • Ce quiz a été pris 3 198 fois
  • Le résultat moyen est 105 sur 196
Réponses sur la Carte
Les réponses sont colorées sur une échelle allant du rouge au vert en fonction du pourcentage des utilisateurs qui les ont devinées à leur premier essai. Vous pouvez retrouver ces pourcentages ci-dessous.
 
Statistiques - réponses
pays % Correct
Islande
59%
Afrique du Sud
58%
Australie
58%
Belgique
58%
Chine
58%
États-Unis
58%
Irlande
58%
Maroc
58%
Suède
58%
Algérie
57%
Allemagne
57%
Arabie Saoudite
57%
Argentine
57%
Chili
57%
Chypre
57%
Corée du Nord
57%
Danemark
57%
Finlande
57%
Inde
57%
Indonésie
57%
Lettonie
57%
Libye
57%
Madagascar
57%
Mexique
57%
Norvège
57%
Paraguay
57%
Russie
57%
Tunisie
57%
Turquie
57%
Ukraine
57%
Andorre
56%
Bolivie
56%
Brésil
56%
Corée du Sud
56%
Croatie
56%
Espagne
56%
Estonie
56%
France
56%
Grèce
56%
Irak
56%
Japon
56%
Kazakhstan
56%
Lituanie
56%
Luxembourg
56%
Monaco
56%
Pays-Bas
56%
Pologne
56%
Portugal
56%
Royaume-Uni
56%
Saint-Marin
56%
Suisse
56%
Suriname
56%
Tchèquie
56%
Vatican
56%
Yémen
56%
Angola
55%
Autriche
55%
Biélorussie
55%
Canada
55%
Colombie
55%
Égypte
55%
Équateur
55%
Guyana
55%
Italie
55%
Kosovo
55%
Lesotho
55%
Liechtenstein
55%
Mali
55%
Malte
55%
Mauritanie
55%
Mongolie
55%
Monténégro
55%
Panama
55%
Pérou
55%
Qatar
55%
Rép Dém du Congo
55%
Roumanie
55%
Somalie
55%
Soudan
55%
Thaïlande
55%
Uruguay
55%
Venezuela
55%
Viêt Nam
55%
Albanie
54%
Birmanie
54%
Bosnie-Herzégovine
54%
Bulgarie
54%
Cabo Verde
54%
Cuba
54%
Érythrée
54%
Iran
54%
Laos
54%
Macédoine du Nord
54%
Maurice
54%
Moldavie
54%
Nicaragua
54%
Niger
54%
Nouvelle-Zélande
54%
Pakistan
54%
Papouasie-Nouvelle-Guinée
54%
Philippines
54%
République Dominicaine
54%
Seychelles
54%
Slovaquie
54%
Sri Lanka
54%
Syrie
54%
Tchad
54%
Afghanistan
53%
Arménie
53%
Azerbaïdjan
53%
Bangladesh
53%
Bhoutan
53%
Burkina Faso
53%
Cambodge
53%
Comores
53%
Côte d'Ivoire
53%
Émirats Arabes Unis
53%
Eswatini
53%
Éthiopie
53%
Géorgie
53%
Ghana
53%
Haïti
53%
Hongrie
53%
Israël
53%
Jordanie
53%
Kenya
53%
Kirghizistan
53%
Liban
53%
Namibie
53%
Nigeria
53%
Oman
53%
Ouzbékistan
53%
Salvador
53%
Sao Tomé-et-Principe
53%
Sénégal
53%
Serbie
53%
Slovénie
53%
Taïwan
53%
Togo
53%
Turkménistan
53%
Bahamas
52%
Bahreïn
52%
Bénin
52%
Guatemala
52%
Guinée
52%
Guinée Équatoriale
52%
Honduras
52%
Malaisie
52%
Maldives
52%
Micronésie
52%
Népal
52%
Rwanda
52%
Sierra Leone
52%
Soudan du Sud
52%
Tadjikistan
52%
Zimbabwe
52%
Belize
51%
Costa Rica
51%
Djibouti
51%
Gambie
51%
Guinée-Bissau
51%
Jamaïque
51%
Koweït
51%
Liberia
51%
Malawi
51%
Mozambique
51%
Saint-Christophe- et-Niévès
51%
Sainte-Lucie
51%
Singapour
51%
Tanzanie
51%
Timor-Leste
51%
Zambie
51%
Botswana
50%
Burundi
50%
Congo
50%
Gabon
50%
Îles Salomon
50%
République Centrafricaine
50%
Saint-Vincent-et-les-Grenadines
50%
Brunei
49%
Cameroun
49%
Îles Marshall
49%
Kiribati
49%
Ouganda
49%
Samoa
49%
Tonga
49%
Trinité-et-Tobago
49%
Tuvalu
49%
Antigua-et-Barbuda
48%
Fidji
48%
Palaos
48%
Grenade
47%
Nauru
47%
Vanuatu
47%
Barbade
45%
Dominique
45%
Aucun quiz correspondant
Distribution des résultats
% des personnes avec chaque résultat
Percentile par nombre de réponses
Votre historique - résultats
Vous n’avez pas pris ce quiz